| 000 | 00706nam a2200193Ia 4500 | ||
|---|---|---|---|
| 008 | 201221s9999||||xx |||||||||||||| ||und|| | ||
| 041 | _aeng | ||
| 050 |
_aJC121 _b.T43 1948 |
||
| 100 | _aThomas, Aquinas Saint | ||
| 245 | 0 |
_aAquinas: _bselected political writings / _cAquinas Thomas Saint; Alessandro Passerin d'Entrèves; translated by J.G. Dawson |
|
| 260 |
_aTotowa, N.J.: _bBarnes & Noble Books, _c1948 |
||
| 300 |
_a199 p. _b ; _c21 cm. |
||
| 650 | _aPolitical science. | ||
| 650 | _aThomas, -- Aquinas, Saint, -- 1225?-1274 -- Political science. | ||
| 650 | _aThomas, -- Aquinas, Saint, -- 1225?-1274. | ||
| 700 | _aDawson, J.G. | ||
| 700 | _aD'Entrèves, Alessandro Passerin | ||
| 999 |
_c33599 _d33599 |
||